| 000 | 00396cam a2200157ua 4500 | ||
|---|---|---|---|
| 041 |
_amal _h |
||
| 082 |
_a894.812 2 _bRAM/BU |
||
| 100 | _aRaman Pillai, C V. | ||
| 245 |
_abutler pappan / _cC V Raman Pillai. _hTextual Documents |
||
| 260 |
_aKollam : _bSri Ramavilasam Press & Book Depot. |
||
| 300 | _a70 ; . | ||
| 504 | _a | ||
| 650 | _aDrama - Malayalam | ||
| 942 | _cBK | ||
| 999 |
_c571 _d571 |
||